|
|
|
|
| LEADER |
01041nam a2200253 a 4500 |
| 001 |
1471564 |
| 008 |
100222s1984 sz b i000 0 eng d |
| 010 |
|
|
|a 86210024
|
| 020 |
|
|
|a 9221035948
|
| 040 |
|
|
|a DLC
|c DLC
|d DLC
|d BD-DhAAL
|
| 082 |
0 |
0 |
|a 307.1/4
|2 19
|
| 100 |
1 |
|
|a Oakley, Peter.
|
| 245 |
1 |
0 |
|a Approaches to participation in rural development /
|c Peter Oakley and David Marsden.
|
| 260 |
|
|
|a Geneva :
|b Published on behalf of the ACC Task Force on Rural Development by the International Labour Office,
|c 1984
|g (1985 printing)
|
| 300 |
|
|
|a x, 91 p. ;
|c 24 cm.
|
| 490 |
0 |
|
|a A WEP study
|
| 504 |
|
|
|a Includes bibliographies.
|
| 541 |
1 |
|
|e 00003463
|
| 650 |
|
0 |
|a Rural development.
|
| 700 |
1 |
|
|a Marsden, David,
|d 1947-
|
| 710 |
2 |
|
|a United Nations ACC Task Force on Rural Development.
|
| 852 |
4 |
|
|a Ayesha Abed Library
|j General shelf
|
| 999 |
|
|
|c 7917
|d 7917
|
| 952 |
|
|
|0 0
|1 0
|2 ddc
|4 0
|6 307_140000000000000_OAK_1984
|7 0
|9 8890
|a BRACUL
|b BRACUL
|c GEN
|d 2010-03-30
|g 0.00
|l 0
|o 307.14 OAK
|p 3010003463
|r 2010-03-30
|t 1
|w 2010-03-30
|y BK
|z Not price in Register
|